[Event "Madrid-chT 1718"]
[Site "Madrid"]
[Date "2018.02.25"]
[Round "11.11"]
[White "Suarez Uriel, Adrian"]
[Black "Pulvett Marin, Daniel"]
[Result "1-0"]
[WhiteElo "2403"]
[BlackElo "2465"]
[PlyCount "77"]
[EventDate "2017.11.19"]
[EventType "team-tourn"]
[EventRounds "14"]
[EventCountry "ESP"]
[SourceDate "2017.11.19"]
[WhiteTeam "La Casa del Ajedrez"]
[BlackTeam "Alcorcon"]
[WhiteTeamCountry "ESP"]
[BlackTeamCountry "ESP"]

1. e4 c5 2. Ne2 d6 3. g3 g6 4. Bg2 Bg7 5. c3 b6 6. d4 Bb7 7. O-O Nd7 8. a4 a6
9. Be3 Qc7 10. Nd2 Ngf6 11. h3 O-O 12. f4 Rac8 13. Rc1 Qb8 14. g4 cxd4 15. cxd4
Rxc1 16. Qxc1 e6 17. g5 Rc8 18. Qe1 Ne8 19. Qf2 f5 20. d5 Nc5 21. dxe6 fxe4 22.
f5 Nd3 23. Qh4 gxf5 24. Rxf5 d5 25. Rf7 Ne5 26. Qh5 Ng6 27. Nf4 Rc1+ 28. Nf1
Rxf1+ 29. Bxf1 d4 30. Nxg6 Qg3+ 31. Kh1 dxe3 32. Ne7+ Kh8 33. g6 Nf6 34. Rxf6
h6 35. Rf7 Qf3+ 36. Rxf3 exf3 37. Nd5 e2 38. Bxe2 fxe2 39. Qxe2 1-0